Quick Pick: ASOIAF Families Quiz Stats

 Plays Quiz Updated Sep 3, 2017

Score 0/9 Timer 00:30
4 Plays Today
% Correct
Lannister
90.5%
Stark
89.6%
Targaryen
89.4%
Greyjoy
85.7%
Baratheon
85.6%
Tyrell
80.6%
Martell
79.7%
Tully
76.9%
Arryn
69.7%

Today's Daily Dose

Missing Word
Twenty One Pilots

Word Ladder
Van Halen Song

Quick Pick
'P' Literature

You're not logged in!

Compare scores with friends on all Sporcle quizzes.
OR
Log In

Show Comments

Extras

Top Quizzes Today


Score Distribution

Your Account Isn't Verified!

In order to create a playlist on Sporcle, you need to verify the email address you used during registration. Go to your Sporcle Settings to finish the process.

Report this User

Report this user for behavior that violates our Community Guidelines.

Details: